000 00616nam a2200205Ia 4500
003 OSt
005 20240724162321.0
008 210210b1959 xxu||||| |||| 00| 0 eng d
040 _cAL
041 _aKannada
082 _a859/1218
100 _aBICHI BALLARI
_9131529
_dಬೀಚಿ ಬಳ್ಳಾರಿ
245 _aBelli timma nurentu helida
_bಬೆಳ್ಳಿ ತಿಂಮ ನೂರೆಂಟು ಹೇಳಿದ
260 _aBengaluru
_bSharada Prakatanalalya
_c1959
650 _akasa
_9131530
650 _aChinnada
_9131531
690 _aKannada Fiction
_9131532
906 _a021959
942 _2ddc
_cBK
999 _c146065
_d146065